היצוא הצליח — 

Truyện cổ tích Việt Nam hay nhất; T5

שמור ב:
מידע ביבליוגרפי
פורמט: ספר
שפה:Undetermined
יצא לאור: Hà Nội Văn hóa dân tộc 1993
נושאים:
תגים: הוספת תג
אין תגיות, היה/י הראשונ/ה לתייג את הרשומה!
Thư viện lưu trữ: Trung tâm Học liệu Trường Đại học Cần Thơ
LEADER 00479nam a2200157Ia 4500
001 CTU_6270
008 210402s9999 xx 000 0 und d
082 |a 398.20495922 
082 |b Tr527t/T5 
245 0 |a Truyện cổ tích Việt Nam hay nhất; T5 
245 0 |c Nguyễn Cừ 
260 |a Hà Nội 
260 |b Văn hóa dân tộc 
260 |c 1993 
650 |a folk literature, vietnamese 
980 |a Trung tâm Học liệu Trường Đại học Cần Thơ